000
00230 a2200097 4500
001
18082
100
_a
UNESCO
245
_a
Politics of educational planning in developing countries
260
_a
_b
UNESCO
_c
090
_c
13376
_d
13376
942
_a
NUST-CAE
_c
M
_c
3754
999
_c
253155
_d
253155